000 00727nam a2200253Ia 4500
020 _a0851987451 :
020 _a9712200388 (Philippines)
040 _cUKM
082 _a633 CAB 1993 A039 Or.
245 0 0 _aModelling crop-weed interactions /
260 _aWallingford :
_bCAB International, in association with the International Rice Research Institute,
_cc1993
300 _axvi, 274 p. :
_bill. ;
_c25 cm
650 0 _aCrops
650 0 _aWeeds
650 0 _aPlant competition
650 0 _aCrops
650 0 _aWeeds
650 0 _aPlant competition
700 1 0 _aKropff, M. J.
700 1 0 _aLaar, H. H. van
710 2 0 _aC.A.B. International
710 2 0 _aInternational Rice Research Institute
942 _cEK
999 _c11992
_d11992